000 01700cam a2200373 a 4500
001 55055295
003 OSt
005 20250228075820.0
008 040427t20052005nyu 000 1 eng
010 _a2004009895
020 _a0316710628
_qhardcover
020 _a9780316710626
_qhardcover
035 _a(OCoLC)ocm55055295
040 _aDLC
_beng
_cDLC
_dYDX
_dNSB
_dJQF
_dBAKER
_dTBS
_dBTCTA
_dYDXCP
_dCOF
100 1 _aPatterson, James,
_d1947-
_0(DLC)n 78086409.
245 1 0 _aHoneymoon /
_ca novel by James Patterson and Howard Roughan.
250 _a1st ed.
264 1 _aNew York :
_bLittle, Brown and Co.,
_c[2005]
264 4 _c℗♭2005.
300 _a393 pages ;
_c25 cm.
336 _atext
_btxt
_2rdacontent.
337 _aunmediated
_bn
_2rdamedia.
338 _avolume
_bnc
_2rdacarrier.
520 _aWhen a number of rich men come to a mysterious end, and a young investment banker dies of a supposed heart attack, FBI agent John O'Hara believes it is the work of a cold-blooded killer. Turning his eye to the only witness - the young banker's beautiful and secretive widow - O'Hara thinks he's closing in, but he's not sure whether he's pursuing justice or his own fatal obsession.
650 0 _aInvestment bankers
_xCrimes against
_vFiction.
_0(DLC)sh 96006890
_0(DLC)sh 99005432
_0(DLC)sh 99001562.
650 0 _aWomen interior decorators
_vFiction.
_0(DLC)sh2008113553.
650 0 _aGovernment investigators
_vFiction.
_0(DLC)sh2008105359.
650 0 _aWitnesses
_vFiction.
_0(DLC)sh2008113477.
655 7 _aFiction.
_2fast
_0(OCoLC)fst01423787.
655 7 _aMystery fiction.
_2gsafd.
700 1 _aRoughan, Howard.
_0(DLC)n 00039004.
907 _a.b181921194
942 _cBK
999 _c30589
_d30587